000 00534nam a2200169Ia 4500
008 140626s9999 xx 000 0 und d
100 _aWickens, Christine.
245 _aUnderstanding driver anger and aggression :
_battributional theory in the driving environment /
_cChristine Wickens ... [et al.].
260 _cc2011.
300 _a17 : 4, page 354
440 _aJournal of Experimental Psycholgy : Applied
521 _aPSYCH
650 _aAggression.
650 _aAttribution.
650 _aDriver anger.
942 _cSE
999 _c121328
_d121328